000 01051nam a2200133Ia 4500
008 220620s9999||||xx |||||||||||||| ||und||
020 _a9783040000000
245 0 _aAsymmetry in Biological Homochirality
546 _aEnglish[eng]
650 _abiochirality||post-translational modifications||protein folding||protein aggregation||spontaneous chemical reactions||neurodegeneration||non-equilibrium phase transitions||chiral symmetry breaking||entropy production||closed systems||nonequilibrium||dissipative structures||mirror symmetry breaking||biological chirality||liquid crystals||proto-RNA||networks||compartmentalization||chiral liquids||cubic phases||prebiotic chemistry||chirality amplification||helical self-assembly||chiral oscillations||spontaneous mirror symmetry breaking||origin of homochirality||absolute asymmetric synthesis||biological homochirality||chemical abiotic evolution||chirality||origin of life||dissipative reaction systems
700 _aHochberg, David
856 _uhttps://mdpi.com/books/pdfview/book/3804
942 _cEB
999 _c28475
_d28475